000
00209 a2200097 4500
001
26190
100
_a
Price A
245
_a
Spitfire a documentary history
260
_a
_b
Macdonald
_c
090
_c
17669
_d
17669
942
_a
NUST-CAE
_c
M
_c
8523
999
_c
261263
_d
261263